Science Quiz

Random Science Quiz

Shrews of the British Isles Quiz Stats

 Plays Quiz not verified by Sporcle

Score 0/5 Timer 05:00
0 Plays Today
% Correct
Common Shrew
90.9%
Pygmy Shrew
86.4%
Water Shrew
77.3%
Greater White-Toothed Shrew
40.9%
Lesser White-Toothed Shrew
40.9%

You're not logged in!

Compare scores with friends on all Sporcle quizzes.
OR
Log In

Show Comments

Extras

Created Jan 21, 2010ReportNominate
Tags:british, British Isles, isle, shrew

Top Quizzes Today


Score Distribution

Your Account Isn't Verified!

In order to create a playlist on Sporcle, you need to verify the email address you used during registration. Go to your Sporcle Settings to finish the process.

Report this User

Report this user for behavior that violates our Community Guidelines.

Details: